000 00815nam a2200253 ia4500
005 20260405172152.0
008 260405b my a jr 000 0 may d
020 _a9789673889365
_cRM4.90
_qpaperback
040 _aPPAK
_beng
_cPPAK
_erda
082 0 4 _a492.786
_223
090 0 0 _a492.786
_bOHB
_dK
245 0 0 _aOH, BARU TAHU! :
_bBAHASA ARAB
264 1 _aKuala Lumpur :
_bTELAGA BIRU SDN. BHD.,
_c[date of publication not identified]
300 _a16 pages :
_bcolour illustrations ;
_c26 cm
336 _atext
_2rdacontent
336 _astill image
_2rdacontent
337 _aunmediated
_2rdamedia
338 _avolume
_2rdacarrier
490 1 _aSIRI GEN PINTAR
546 _aText in Arabic
650 1 0 _aArabic language
_vReaders
830 0 _aSiri gen pintar
942 _2ddc
_cB
999 _c203701
_d203701